| 000 | 00753nam a22002057a 4500 | ||
|---|---|---|---|
| 999 |
_c19425 _d19425 |
||
| 003 | AR-CdUCM | ||
| 008 | 190517b ||||| |||| 00| 0 spa d | ||
| 040 |
_aMUNICIPALIDAD PROVINCIAL DEL CUSCO _cBIBLIOTECA MUNICIPAL DEL CUSCO |
||
| 082 |
_a330.980 / _bM28 |
||
| 100 |
_aMathis, F. John _940753 |
||
| 245 |
_aIntegración económica en américa latina : _bEl progreso y los problemas de la ALALC / |
||
| 260 |
_aMéxico : _bDiana, _c1971. |
||
| 300 |
_a143 páginas ; _c22 cm. |
||
| 505 | _aContenido: Integración regional en américa latina -- La coyuntura actual -- Implicaciones para el futuro ... | ||
| 650 |
_aEconomía _9382 |
||
| 650 |
_aAmérica _91348 |
||
| 650 |
_aIntegración _95706 |
||
| 942 |
_2ddc _cLIBROS |
||
| 945 |
_arah _d2019-05-17 |
||